书目信息 |
| 题名: |
老年生活小窍门
|
|
| 作者: | 马晔 , 唐怀 主编 | |
| 分册: | ||
| 出版信息: | 北京 华龄出版社 2005.01 |
|
| 页数: | 202页 | |
| 开本: | 21cm | |
| 丛书名: | 老年生活百科全书 | |
| 单 册: | ||
| 中图分类: | TS976.34 | |
| 科图分类: | ||
| 主题词: | 老年人--lao nian ren--家庭生活 | |
| 电子资源: | ||
| ISBN: | 7-80178-182-1 | |
| 000 | 00864nam 2200253 450 | |
| 001 | 012007793402 | |
| 005 | 20070929095227.82 | |
| 010 | @a7-80178-182-1@dCNY14.00 | |
| 100 | @a20070725d2005 km y0chiy0120 ea | |
| 101 | 0 | @achi |
| 102 | @aCN@b110000 | |
| 105 | @ay z 000yy | |
| 200 | 1 | @a老年生活小窍门@Alao nian sheng huo xiao qiao men@f马晔, 唐怀主编@Fma ye,tang huai zhu bian |
| 210 | @a北京@c华龄出版社@d2005.01 | |
| 215 | @a202页@d21cm | |
| 225 | 2 | @a老年生活百科全书@Alao nian sheng huo bai ke quan shu |
| 330 | @a本书介绍了食物的选购、鉴别,衣物的收藏、保养等知识,分衣、食、住、用、医五部分,约500余条小窍门小经验。 | |
| 410 | 0 | @12001 @a老年生活百科全书 |
| 606 | 0 | @a老年人@Alao nian ren@x家庭生活 |
| 690 | @aTS976.34@v4 | |
| 701 | 0 | @a马晔@Ama ye@4主编 |
| 701 | 0 | @a唐怀@Atang huai@4主编 |
| 801 | 0 | @aCN@c20070929 |
| 905 | @dTS976.34@eM222 | |
| 老年生活小窍门/马晔, 唐怀主编.-北京:华龄出版社,2005.01 |
| 202页;21cm.-(老年生活百科全书) |
| ISBN 7-80178-182-1:CNY14.00 |
| 本书介绍了食物的选购、鉴别,衣物的收藏、保养等知识,分衣、食、住、用、医五部分,约500余条小窍门小经验。 |
| ● |
| 相关链接 |
|
|
|
正题名:老年生活小窍门
索取号:TS976.34/M222
 
预约/预借
| 序号 | 登录号 | 条形码 | 馆藏地/架位号 | 状态 | 备注 |
| 1 | 248160 | 202481607 | 自科库501/501自科库 47排1列1层/ [索取号:TS976.34/M222] | 在馆 | |
| 2 | 248161 | 202481616 | 自科库501/501自科库 47排1列1层/ [索取号:TS976.34/M222] | 在馆 |